000 00702nam a2200229Ia 4500
003 OSt
005 20220927105220.0
006 a|||||r|||| 00| 0
007 ta
008 220926b |||||||| |||| 00| 0 eng d
024 _a188132
037 _cReference Collections
040 _aRTL
_cRTL
_beng
041 _2eng
_aeng
082 _a"X9(J):991, M8/SC"
100 _aMellor John W.
_9371053
245 0 _aLectures on agricultural growth and employment
_b An equitable growth strategy and its knowledge needs
260 _aIslamabad
_bPIDE
_c1988
300 _a"iv,128p"
_ccm.
942 _h"X9(J):991, M8/SC"
_cCC
999 _c691295
_d691295